Импульсные технологии: учебник для вузов

מידע ביבליוגרפי
מחברים אחרים: Колпаков В. И. Владимир Иванович, Галиновский А. Л. Андрей Леонидович, Судник Л. В. Лариса Владимировна, Илюхина А. А. Анна Андреевна
סיכום:В учебном издании обобщен опыт использования импульсных методов обработки материалов с использованием мощных источников энергии (взрывчатых веществ, порохов, газовых смесей, электрических разрядов, высокоскоростных гидро- и гидроабразивных потоков жидкостей и других энергоносителей). Изложены сущность, преимущества и область применения импульсных процессов упрочнения металлов, прессования антифрикционных материалов, взрывной резки, сварки и штамповки, гидродинамического прессования, магнитно-импульсной, гидро- и гидроабразивной обработки, детонационного напыления. Рассмотрены вопросы технологии и расчета основных параметров процессов, описаны конструкции применяемой оснастки. Учебник предназначен для студентов вузов, обучающихся по направлению подготовки специалитета "Проектирование, производство и эксплуатация ракет и ракетно-космических комплексов", УГСН "Авиационная и ракетно-космическая техника". Может быть полезным аспирантам, инженерно-техническим и научным работникам машиностроительных направлений технических вузов.
שפה:רוסית
יצא לאור: Старый Оскол, ТНТ, 2022
נושאים:
פורמט: ספר
KOHA link:https://koha.lib.tpu.ru/cgi-bin/koha/opac-detail.pl?biblionumber=347619

MARC

LEADER 00000nam0a2200000 4500
001 347619
005 20231102010023.0
010 |a 9785941787456 
035 |a (RuTPU)RU\TPU\book\379568 
090 |a 347619 
100 |a 20220531d2022 m y0rusy50 ca 
101 0 |a rus 
102 |a RU 
105 |a a j 001zy 
200 1 |a Импульсные технологии  |e учебник для вузов  |f В. И. Колпаков, А. Л. Галиновский, Л. В. Судник, А. А. Илюхина 
210 |a Старый Оскол  |c ТНТ  |d 2022 
215 |a 432 с.  |c ил. 
320 |a Библиогр.: с. 426-430 
330 |a В учебном издании обобщен опыт использования импульсных методов обработки материалов с использованием мощных источников энергии (взрывчатых веществ, порохов, газовых смесей, электрических разрядов, высокоскоростных гидро- и гидроабразивных потоков жидкостей и других энергоносителей). Изложены сущность, преимущества и область применения импульсных процессов упрочнения металлов, прессования антифрикционных материалов, взрывной резки, сварки и штамповки, гидродинамического прессования, магнитно-импульсной, гидро- и гидроабразивной обработки, детонационного напыления. Рассмотрены вопросы технологии и расчета основных параметров процессов, описаны конструкции применяемой оснастки. Учебник предназначен для студентов вузов, обучающихся по направлению подготовки специалитета "Проектирование, производство и эксплуатация ракет и ракетно-космических комплексов", УГСН "Авиационная и ракетно-космическая техника". Может быть полезным аспирантам, инженерно-техническим и научным работникам машиностроительных направлений технических вузов. 
606 1 |a Электроимпульсная обработка металлов  |2 stltpush  |3 (RuTPU)RU\TPU\subj\20094  |9 45235 
610 1 |a материалы 
610 1 |a импульсная обработка 
610 1 |a взрывчатые вещества 
610 1 |a конструкционные материалы 
610 1 |a поведение 
610 1 |a динамическое нагружение 
610 1 |a ударноволновое нагружение 
610 1 |a консолидация 
610 1 |a диструкция 
610 1 |a импульсные технологии 
610 1 |a гидродинамическая штамповка 
610 1 |a прессование 
610 1 |a металлы 
610 1 |a магнитно-импульсная обработка 
610 1 |a гидрообработка 
610 1 |a гидроабразивная обработка 
610 1 |a детонационное напыление 
610 1 |a динамические процессы 
610 1 |a математическое моделирование 
610 1 |a учебники 
675 |a 621.7.044(075.8)  |v 4 
701 1 |a Колпаков  |b В. И.  |g Владимир Иванович 
701 1 |a Галиновский  |b А. Л.  |g Андрей Леонидович 
701 1 |a Судник  |b Л. В.  |g Лариса Владимировна 
701 1 |a Илюхина  |b А. А.  |g Анна Андреевна 
801 1 |a RU  |b 63413507  |c 20220531 
801 2 |a RU  |b 63413507  |c 20220721  |g RCR 
942 |c BK 
959 |a 8/20220531  |d 1  |e 1303,00  |f УФ:1